000 00357nam a2200145 i 4500
001 bg
100 1 _aKOPTA, A.
245 0 _aTechnologia gastronomiczna z towaroznawstwem /
_cA. Kopta, B. Łuszczki.
260 _aWarszawa,
_c1986.
700 1 _aŁUSZCZKI, B.
040 _cBPK
041 _apol
942 _cKS
008 s pl f |000 0 pol
999 _c2978
_d2978
856 _uhttp://koha.tu.koszalin.pl/cgi-bin/koha/opac-detail.pl?biblionumber=2978
_yKatalog online BPK